| 000 | 00885nam a22002897a 4500 | ||
|---|---|---|---|
| 001 | 0074 | ||
| 003 | DO-SdBNP | ||
| 005 | 20170915111824.0 | ||
| 007 | 0074 | ||
| 008 | 151001b ck 20uu | 00| 0 spa d | ||
| 020 | _a9702201276 | ||
| 040 |
_aBPMSU _bspa _cBPMSU |
||
| 082 | 4 |
_a613.03 _bE56s |
|
| 092 | _a | ||
| 245 | 0 | 0 |
_aEnciclopedia de la salud / _cdirección médica Dr. Yves Morin, con la colaboración del Dr.Didier Armengaud y del Dr. Bernard Guyot |
| 260 |
_aMéxico : _bLarousse, _c[200?] |
||
| 300 |
_a5v. : _bil., _c28 cm. |
||
| 500 | _aIncluye índice alfabético de materias | ||
| 650 |
_aMEDICINA _xDICCIONARIOS Y ENCICLOPEDIAS |
||
| 650 |
_aSALUD _xENCICLOPEDIAS Y DICCIONARIOS |
||
| 700 | 1 | 2 | _a Morin, Yves |
| 700 | 1 | 2 |
_aArmengaud, Didier, _ecolab. |
| 700 | 1 | 2 | _aGuyot, Bernard |
| 942 |
_2ddc _cBK |
||
| 945 | _aInventariado / 2017 VM | ||
| 956 | _aBrenda Tavárez | ||
| 999 |
_c8321 _d8321 |
||